The Numerical Solution of Ordinary and Partial Differential Equations / (Record no. 564557)
[ view plain ]
| 000 -LEADER | |
|---|---|
| fixed length control field | 00435nam a2200145Ia 4500 |
| 008 - FIXED-LENGTH DATA ELEMENTS--GENERAL INFORMATION | |
| fixed length control field | 210430s9999 xx 000 0 und d |
| 020 ## - INTERNATIONAL STANDARD BOOK NUMBER | |
| International Standard Book Number | 978-0-471-73580-9 |
| 082 ## - DEWEY DECIMAL CLASSIFICATION NUMBER | |
| Classification number | 518.63 S 512 N |
| 100 ## - MAIN ENTRY--PERSONAL NAME | |
| Personal name | Granville Sewell |
| 9 (RLIN) | 54095 |
| 245 #4 - TITLE STATEMENT | |
| Title | The Numerical Solution of Ordinary and Partial Differential Equations / |
| Statement of responsibility, etc. | Granville Sewell |
| 250 ## - EDITION STATEMENT | |
| Edition statement | 2nd edition |
| 260 ## - PUBLICATION, DISTRIBUTION, ETC. | |
| Place of publication, distribution, etc. | New Jersey |
| Name of publisher, distributor, etc. | Wiley |
| Date of publication, distribution, etc. | 2005 |
| 300 ## - PHYSICAL DESCRIPTION | |
| Extent | 333 p |
| 942 ## - ADDED ENTRY ELEMENTS (KOHA) | |
| Koha item type | Book |
| Source of classification or shelving scheme | |
| Withdrawn status | Lost status | Damaged status | Not for loan | Collection code | Permanent Location | Current Location | Shelving location | Date acquired | Total Checkouts | Full call number | Barcode | Date last seen | Price effective from | Koha item type |
|---|---|---|---|---|---|---|---|---|---|---|---|---|---|---|
| School of Chemical & Materials Engineering (SCME) | School of Chemical & Materials Engineering (SCME) | General Stacks | 12/14/2 | 518.63 S 512 N | SCME-3775 | 04/30/2021 | 04/30/2021 | Book |
